Statistics for How well do you know Metro Detroit?

Click here to take the quiz!

General Stats

  • This quiz has been taken 196 times
    (191 since last reset)
  • The average score is 12 of 25

Answer Stats

HintAnswer% Correct
City in which the NBA's Detroit Pistons play their home games:Auburn Hills
91%
Group of suburban cities which feature "Farms", "Woods", "Shores" and "Park":Grosse Pointe
76%
City where you can visit The Henry Ford Museum:Dearborn
75%
Island park in the Detroit River:Belle Isle
74%
Before moving to Ford Field in 2002, the NFL's Detroit Lions played at the Silverdome in this city:Pontiac
71%
City in which Detroit Metro Airport (DTW) is physically located (not address):Romulus
63%
You can reach Campus Martius Park, Grand Circus Park, Foxtown and Comerica Park on this iconic avenue:Woodward
63%
City to which you must travel in order to visit the Detroit Zoo:Royal Oak
61%
The above mentioned intersection features a monument to this athlete:Joe Louis
60%
The above mentioned monument is a sculpture of what body part:Fist
57%
City where you may study at the main campus of Oakland University:Rochester
56%
City where you can shop at the Somerset Collection:Troy
53%
This transit center on Cass Avenue in Detroit is named after a well-known civil rights activist and former Detroit resident:Rosa Parks Transit Center
49%
This ethnic neighborhood was built around West Vernor Highway on Detroit's Southwest side:Mexicantown
47%
Detroit Neighborhood which was home to Tiger Stadium:Corktown
42%
This airport, located within the city limits, is named after this longtime Detroit Mayor:Coleman A. Young International Airport
40%
City where you will find the General Motors Technical CenterWarren
40%
The first city you will reach if you travel directly south from Downtown Detroit:Windsor, ON
40%
City in which the NFL's Detroit Lions built their practice facility:Allen Park
37%
City in which you can find Detroit Catholic Central High School:Novi
35%
When you reach the southern terminus of the above Avenue, you cross Jefferson Avenue and reach this locationHart Plaza
25%
This affluent neighborhood, located northeast of Downtown, is bordered to the north by Mack Avenue, to the south by Jefferson Avenue and encompasses Burns Avenue, Seminole Street and Iroqouois Street:Indian Village
21%
This freeway connecting I-75 and the Lodge (M-10) was the first in-ground urban freeway built in the USA:Davison Freeway (M-8)
17%
City which contains Selfridge Air National Guard Base:Harrison
17%
City in which the first Little Caesars and Kmart locations are still open:Garden City
15%

Score Distribution

Percentile by Number Answered

Percent of People with Each Score

Your Score History

You have not taken this quiz since the last reset